[Event "Serpukhov-C"]
[Site "Serpukhov"]
[Date "2003.??.??"]
[Round "3"]
[White "Lobach, Pavel V"]
[Black "Danin, Alexandre"]
[Result "0-1"]
[WhiteElo "2346"]
[BlackElo "2335"]
[PlyCount "65"]
[EventDate "2003.01.??"]
[EventType "tourn"]
[EventRounds "13"]
[EventCountry "RUS"]
[EventCategory "2"]
[SourceTitle "EXT 2004"]
[Source "ChessBase"]
[SourceDate "2003.11.25"]
[SourceVersion "1"]
[SourceVersionDate "2003.11.25"]
[SourceQuality "1"]

1. d4 Nf6 2. c4 g6 3. Nc3 d5 4. cxd5 Nxd5 5. e4 Nxc3 6. bxc3 Bg7 7. Be3 c5 8. Qd2 cxd4 9. cxd4 Nc6 10. Rd1 Bg4 11. Be2 Bxe2 12. Nxe2 0-0 13. 0-0 e6 14. d5 exd5 15. exd5 Ne5 16. Qb4 Qd7 17. Qb3 Rfc8 18. Rb1 b6 19. Rfc1 Re8 20. h3 Rac8 21. Nd4 Rc5 22. Nb5 Rxd5 23. Rc7 Rd3 24. Qa4 Qd5 25. Nxa7 Rd8 26. Rc8 Bf8 27. Rxd8 Qxd8 28. Bxb6 Qd5 29. Qb5 Qxa2 30. Re1 Rd5 31. Qe8 Qd2 32. Rxe5 Qd1+ 33. Kh2 0-1

[Event "Serpukhov-C"]
[Site "Serpukhov"]
[Date "2003.??.??"]
[Round "7"]
[White "Lobach, Pavel V"]
[Black "Pushkarev, Dmitry"]
[Result "0-1"]
[WhiteElo "2346"]
[BlackElo "2213"]
[PlyCount "100"]
[EventDate "2003.01.??"]
[EventType "tourn"]
[EventRounds "13"]
[EventCountry "RUS"]
[EventCategory "2"]
[SourceTitle "EXT 2004"]
[Source "ChessBase"]
[SourceDate "2003.11.25"]
[SourceVersion "1"]
[SourceVersionDate "2003.11.25"]
[SourceQuality "1"]

1. d4 Nf6 2. c4 d6 3. Nc3 Nbd7 4. Nf3 e5 5. g3 Be7 6. Bg2 0-0 7. 0-0 c6 8. b3 Qc7 9. Bb2 Re8 10. Qc2 Bf8 11. Rad1 e4 12. Nd2 d5 13. cxd5 cxd5 14. Rc1 Qa5 15. a3 a6 16. f3 e3 17. b4 Qd8 18. Nb3 Nb6 19. Na5 Bd6 20. Rcd1 h5 21. Bc1 h4 22. f4 hxg3 23. hxg3 Nh5 24. Rf3 Nxg3 25. Rxe3 Rxe3 26. Bxe3 Bf5 27. Qd2 Qe7 28. Bf2 Nh5 29. e3 Rc8 30. Rc1 g5 31. Qd1 Nf6 32. fxg5 Ng4 33. g6 Nxf2 34. Nxd5 Nxd1 35. Nxe7+ Bxe7 36. gxf7+ Kxf7 37. Rxd1 Rg8 38. Kf1 Bc8 39. Rc1 Bg5 40. Rc3 Ke7 41. Nxb7 Rf8+ 42. Ke2 Bg4+ 43. Kd3 Bf5+ 44. Be4 Nd5 45. Rc6 Nxe3 46. Rxa6 Bh3 47. Nc5 Bf1+ 48. Kc3 Bxa6 49. Nxa6 Ra8 50. b5 Bf6 0-1

[Event "RUS-chT 07th"]
[Site "Smolensk"]
[Date "2000.04.24"]
[Round "10"]
[White "Frolov, Andrei"]
[Black "Lobach, Pavel V"]
[Result "0-1"]
[WhiteElo "2233"]
[BlackElo "2406"]
[PlyCount "154"]
[EventDate "2000.04.15"]
[EventType "team-tourn"]
[EventRounds "11"]
[EventCountry "RUS"]
[SourceTitle "EXT 2020"]
[Source "ChessBase"]
[SourceDate "2019.10.17"]
[SourceVersion "1"]
[SourceVersionDate "2019.10.17"]
[SourceQuality "1"]
[WhiteTeam "Moscow Saulin PRSFI"]
[BlackTeam "Saratov GShK"]
[WhiteTeamCountry "RUS"]
[BlackTeamCountry "RUS"]

1. e4 e6 2. d4 d5 3. Nd2 a6 4. Ngf3 c5 5. Be2 Nc6 6. exd5 exd5 7. 0-0 c4 8. Re1 Be7 9. b3 b5 10. bxc4 bxc4 11. c3 Nf6 12. Ne5 Nxe5 13. dxe5 Nd7 14. Bf3 Nb6 15. a4 Be6 16. Bg4 0-0 17. Bxe6 fxe6 18. Qg4 Qd7 19. a5 Na4 20. Rxa4 Qxa4 21. Qxe6+ Rf7 22. Qxd5 Rd8 23. Qxc4 Qxa5 24. Nf3 Qb5 25. Qxb5 axb5 26. Nd4 Rd5 27. e6 Rf8 28. g3 Rc8 29. Bd2 b4 30. Rc1 Rc4 31. Nf3 bxc3 32. Be3 c2 33. Ne1 Rd1 34. Kg2 Rxc1 35. Bxc1 Re4 36. Kf1 Rxe6 37. Nxc2 Rc6 38. Ba3 Bxa3 39. Nxa3 g5 40. h3 Kf7 41. Nb5 Kf6 42. Nd4 Rc3 43. Kg2 h6 44. g4 Ke5 45. Ne2 Rc6 46. Kf3 Rf6+ 47. Ke3 Ra6 48. Ng3 Ra3+ 49. Ke2 Rb3 50. Kf1 Kf4 51. Kg2 Rb6 52. Ne2+ Ke5 53. Kf3 Rb3+ 54. Kg2 Ke4 55. Ng3+ Kd3 56. Nf5 Rb6 57. f4 Ke4 58. fxg5 hxg5 59. h4 gxh4 60. Kh3 Kf4 61. Kxh4 Rg6 62. Kh5 Rg5+ 63. Kh6 Rxg4 64. Ng7 Ke5 65. Nh5 Kf5 66. Ng7+ Kf6 67. Ne8+ Kf7 68. Nd6+ Ke7 69. Kh5 Rg1 70. Nf5+ Kf6 71. Nd4 Rg3 72. Ne2 Re3 73. Ng1 Rg3 74. Ne2 Rg8 75. Kh4 Ke5 76. Ng3 Kf4 77. Nh5+ Kf3 0-1

[Event "RUS-chT 07th"]
[Site "Smolensk"]
[Date "2000.04.23"]
[Round "9"]
[White "Lugovoi, Aleksei"]
[Black "Lobach, Pavel V"]
[Result "1/2-1/2"]
[WhiteElo "2515"]
[BlackElo "2406"]
[PlyCount "73"]
[EventDate "2000.04.15"]
[EventType "team-tourn"]
[EventRounds "11"]
[EventCountry "RUS"]
[SourceTitle "EXT 2020"]
[Source "ChessBase"]
[SourceDate "2019.10.17"]
[SourceVersion "1"]
[SourceVersionDate "2019.10.17"]
[SourceQuality "1"]
[WhiteTeam "Sankt Petersburg Chess Federation"]
[BlackTeam "Saratov GShK"]
[WhiteTeamCountry "RUS"]
[BlackTeamCountry "RUS"]

1. d4 e6 2. c4 f5 3. Nf3 Nf6 4. g3 c6 5. Bg2 d5 6. 0-0 Bd6 7. b3 Qe7 8. Bb2 b6 9. Nbd2 Bb7 10. Rc1 0-0 11. Ne5 a5 12. Qc2 Na6 13. Rfd1 Nd7 14. cxd5 cxd5 15. Ndc4 Nxe5 16. Nxd6 Qxd6 17. dxe5 Qe7 18. Bd4 Rfc8 19. Qb1 Nc5 20. a3 Nd7 21. Qb2 Ba6 22. h3 Qd8 23. Bf3 Rxc1 24. Rxc1 Rc8 25. Kg2 Nc5 26. Rc3 a4 27. b4 Nb3 28. Rxc8 Bxc8 29. e3 Ba6 30. Qc2 Nxd4 31. exd4 Qd7 32. Kg1 Bc4 33. Qc1 Qc7 34. Bd1 b5 35. h4 h6 36. Kg2 Qd8 37. Bf3 1/2-1/2

[Event "RUS-chT 07th"]
[Site "Smolensk"]
[Date "2000.04.19"]
[Round "5"]
[White "Ozgibcev, Anatoly"]
[Black "Lobach, Pavel V"]
[Result "1/2-1/2"]
[WhiteElo "2447"]
[BlackElo "2406"]
[PlyCount "29"]
[EventDate "2000.04.15"]
[EventType "team-tourn"]
[EventRounds "11"]
[EventCountry "RUS"]
[SourceTitle "EXT 2020"]
[Source "ChessBase"]
[SourceDate "2019.10.17"]
[SourceVersion "1"]
[SourceVersionDate "2019.10.17"]
[SourceQuality "1"]
[WhiteTeam "Nizhny Tagil Politekhnik"]
[BlackTeam "Saratov GShK"]
[WhiteTeamCountry "RUS"]
[BlackTeamCountry "RUS"]

1. e4 e6 2. d4 d5 3. e5 c5 4. c3 Nc6 5. Nf3 Qb6 6. a3 c4 7. Nbd2 Na5 8. g3 Bd7 9. Bh3 h6 10. 0-0 0-0-0 11. Rb1 Kb8 12. Ne1 Ne7 13. Ng2 Bb5 14. Qf3 Be8 15. Ne3 1/2-1/2

[Event "Zeleny Shum-C"]
[Site "Zeleny Shum"]
[Date "2000.??.??"]
[Round "3"]
[White "Igriashvili, Zurab"]
[Black "Lobach, Pavel V"]
[Result "1-0"]
[WhiteElo "2459"]
[BlackElo "2374"]
[PlyCount "69"]
[EventDate "2000.??.??"]
[EventType "tourn"]
[EventRounds "11"]
[EventCountry "RUS"]
[EventCategory "3"]
[SourceTitle "EXT 2006"]
[Source "ChessBase"]
[SourceDate "2005.11.24"]
[SourceVersion "1"]
[SourceVersionDate "2005.11.24"]
[SourceQuality "1"]

1. g3 d5 2. Bg2 Nf6 3. c4 c6 4. Nf3 Bf5 5. b3 e6 6. 0-0 h6 7. Bb2 Be7 8. d3 0-0 9. Nbd2 Nbd7 10. Re1 Bh7 11. a3 a5 12. Qc2 Rc8 13. Rad1 b5 14. Qc1 a4 15. bxa4 bxc4 16. dxc4 Qa5 17. Qc3 Qxa4 18. e4 Nc5 19. exd5 cxd5 20. Ne5 Nce4 21. Nxe4 Bxe4 22. Bxe4 Nxe4 23. Qf3 Ng5 24. Qe2 Bf6 25. h4 Ne4 26. cxd5 exd5 27. Rxd5 Bxe5 28. Rxe5 Nc3 29. Qf3 Qc2 30. Ba1 f6 31. Re7 Rf7 32. Kg2 Rc7 33. Re8+ Kh7 34. h5 Nb5 35. Rc1 1-0

[Event "Zeleny Shum-C"]
[Site "Zeleny Shum"]
[Date "2000.??.??"]
[Round "9"]
[White "Kartsev, Alex"]
[Black "Lobach, Pavel V"]
[Result "1/2-1/2"]
[WhiteElo "2285"]
[BlackElo "2374"]
[PlyCount "69"]
[EventDate "2000.??.??"]
[EventType "tourn"]
[EventRounds "11"]
[EventCountry "RUS"]
[EventCategory "3"]
[SourceTitle "EXT 2006"]
[Source "ChessBase"]
[SourceDate "2005.11.24"]
[SourceVersion "1"]
[SourceVersionDate "2005.11.24"]
[SourceQuality "1"]

1. d4 e6 2. c4 f5 3. Nc3 Nf6 4. g3 c6 5. Bg2 d5 6. cxd5 cxd5 7. Nf3 Nc6 8. 0-0 Bd6 9. a3 0-0 10. Bf4 Bxf4 11. gxf4 Bd7 12. e3 Be8 13. Nd2 Bh5 14. Bf3 Bxf3 15. Qxf3 Kh8 16. Kh1 Ng4 17. h3 Qh4 18. Kg2 Nh6 19. Qg3 Qxg3+ 20. fxg3 Nf7 21. Rac1 Rac8 22. Rc2 Na5 23. Rfc1 Nd6 24. Kf3 b6 25. Ncb1 Rxc2 26. Rxc2 Rc8 27. Rxc8+ Nxc8 28. b3 Nd6 29. Nc3 Kg8 30. g4 g6 31. g5 Kf7 32. Ke2 Ke7 33. Kd3 Kd7 34. Kc2 Nc6 35. Nf3 1/2-1/2

[Event "Zeleny Shum-C"]
[Site "Zeleny Shum"]
[Date "2000.??.??"]
[Round "6"]
[White "Lobach, Pavel V"]
[Black "Denisov, Andrey"]
[Result "1/2-1/2"]
[WhiteElo "2374"]
[BlackElo "2194"]
[PlyCount "78"]
[EventDate "2000.??.??"]
[EventType "tourn"]
[EventRounds "11"]
[EventCountry "RUS"]
[EventCategory "3"]
[SourceTitle "EXT 2006"]
[Source "ChessBase"]
[SourceDate "2005.11.24"]
[SourceVersion "1"]
[SourceVersionDate "2005.11.24"]
[SourceQuality "1"]

1. d4 d5 2. c4 c6 3. Nf3 Nf6 4. Qc2 e6 5. Nbd2 Nbd7 6. g3 Bd6 7. Bg2 e5 8. cxd5 cxd5 9. dxe5 Nxe5 10. Nxe5 Bxe5 11. 0-0 0-0 12. Nf3 Qc7 13. Qxc7 Bxc7 14. Be3 Re8 15. h3 Bxg3 16. Bd4 Bd6 17. Bxf6 gxf6 18. Nd4 Be5 19. e3 Be6 20. Rfd1 Rac8 21. Rd2 Rc5 22. Rad1 Rec8 23. Nxe6 fxe6 24. f4 Bc7 25. f5 Ba5 26. Rd4 Bb6 27. fxe6 Rc2 28. Rg4+ Kf8 29. Bxd5 Bxe3+ 30. Kh1 f5 31. Rg3 Rc1 32. Rxc1 Rxc1+ 33. Kg2 Rg1+ 34. Kf3 Rxg3+ 35. Kxg3 b6 36. Kf3 Bc1 37. b3 Ke7 38. a4 Bg5 39. Bc4 Kd6 1/2-1/2

[Event "Zeleny Shum-C"]
[Site "Zeleny Shum"]
[Date "2000.??.??"]
[Round "8"]
[White "Lobach, Pavel V"]
[Black "Zhuravlev, Valery Ivanovich"]
[Result "1-0"]
[WhiteElo "2374"]
[BlackElo "2416"]
[PlyCount "77"]
[EventDate "2000.??.??"]
[EventType "tourn"]
[EventRounds "11"]
[EventCountry "RUS"]
[EventCategory "3"]
[SourceTitle "EXT 2006"]
[Source "ChessBase"]
[SourceDate "2005.11.24"]
[SourceVersion "1"]
[SourceVersionDate "2005.11.24"]
[SourceQuality "1"]

1. d4 d5 2. c4 e6 3. Nf3 Nf6 4. g3 Nbd7 5. Bg2 dxc4 6. Qa4 a6 7. Qxc4 b5 8. Qc2 Bb7 9. 0-0 c5 10. a4 Rc8 11. axb5 axb5 12. dxc5 Bxc5 13. Qd3 b4 14. Nbd2 0-0 15. Ng5 Bxg2 16. Kxg2 Ne5 17. Qxd8 Rfxd8 18. Ngf3 Nxf3 19. Nxf3 Ne4 20. Ne5 Bf8 21. Nd3 Rc2 22. Kf3 f5 23. Be3 Nd2+ 24. Bxd2 Rxd2 25. Rfc1 b3 26. Ke3 Rc2 27. Rxc2 bxc2 28. Rc1 e5 29. Rxc2 e4 30. Nf4 g5 31. Ne6 Rb8 32. Nxf8 Rxf8 33. b4 Kf7 34. g4 fxg4 35. b5 Ke6 36. b6 Rb8 37. Rb2 Rb7 38. Kxe4 Kd6 39. Rb5 1-0

[Event "RUS-chT 05th"]
[Site "Maikop"]
[Date "1998.06.12"]
[Round "10"]
[White "Vokarev, Sergey"]
[Black "Lobach, Pavel V"]
[Result "1/2-1/2"]
[WhiteElo "2485"]
[BlackElo "2395"]
[PlyCount "62"]
[EventDate "1998.06.03"]
[EventType "team-tourn"]
[EventRounds "11"]
[EventCountry "RUS"]
[SourceTitle "EXT 2020"]
[Source "ChessBase"]
[SourceDate "2019.10.17"]
[SourceVersion "1"]
[SourceVersionDate "2019.10.17"]
[SourceQuality "1"]
[WhiteTeam "Ekaterinburg Agat"]
[BlackTeam "Saratov GShK"]
[WhiteTeamCountry "RUS"]
[BlackTeamCountry "RUS"]

1. e4 e6 2. d4 d5 3. Nd2 a6 4. Ngf3 c5 5. dxc5 Bxc5 6. Bd3 Nc6 7. 0-0 Nge7 8. a3 0-0 9. b4 Ba7 10. Bb2 Ng6 11. Nb3 Nf4 12. e5 Nxd3 13. cxd3 d4 14. Re1 f6 15. Qc2 fxe5 16. Nxe5 Nxe5 17. Rxe5 Bb8 18. Re4 e5 19. Nc5 Kh8 20. Re2 b6 21. Ne4 Bb7 22. Bc1 h6 23. Bb2 Bd5 24. Rc1 Ra7 25. f3 Rc7 26. Qb1 Rxc1+ 27. Bxc1 Qd7 28. Bd2 Qa4 29. Re1 Rc8 30. Rc1 Rxc1+ 31. Qxc1 Qc6 1/2-1/2

[Event "RUS-ch sf"]
[Site "Arkhangelsk"]
[Date "1996.??.??"]
[Round "?"]
[White "Lebedev, Vasili"]
[Black "Lobach, Pavel V"]
[Result "0-1"]
[WhiteElo "2215"]
[BlackElo "2270"]
[PlyCount "76"]
[EventDate "1996.??.??"]
[EventType "swiss"]
[EventRounds "9"]
[EventCountry "RUS"]
[SourceTitle "EXT 2000"]
[Source "ChessBase"]
[SourceDate "1999.11.16"]
[SourceVersion "1"]
[SourceVersionDate "1999.11.16"]
[SourceQuality "1"]

1. d4 Nf6 2. c4 e6 3. Nf3 b6 4. g3 Ba6 5. b3 Bb4+ 6. Bd2 Be7 7. Bg2 0-0 8. 0-0 d5 9. Ne5 c6 10. Bc3 Nfd7 11. Nxd7 Nxd7 12. Nd2 b5 13. Qc2 Rc8 14. e4 Nb6 15. c5 b4 16. Bxb4 Bxf1 17. Rxf1 Nd7 18. e5 Qe8 19. Bc3 f6 20. b4 fxe5 21. dxe5 Qh5 22. f4 g5 23. f5 exf5 24. Rxf5 Nxc5 25. bxc5 Bxc5+ 26. Kh1 Rxf5 27. Qxf5 Rf8 28. Qe6+ Kh8 29. Nf3 Rxf3 30. g4 Qf7 31. Qxf7 Rxf7 32. e6+ Rg7 33. Bxg7+ Kxg7 34. Bf1 Kf6 35. Bd3 h6 36. Bf5 Ke5 37. Kg2 Kf4 38. Kf1 Ke3 0-1

[Event "Prague Cedok op"]
[Site "Prague"]
[Date "1996.??.??"]
[Round "8"]
[White "Lobach, Pavel V"]
[Black "Medunova, Vera"]
[Result "1-0"]
[WhiteElo "2270"]
[BlackElo "2185"]
[PlyCount "63"]
[EventDate "1996.??.??"]
[EventType "swiss"]
[EventRounds "9"]
[EventCountry "CZE"]
[SourceTitle "EXT 2001"]
[Source "ChessBase"]
[SourceDate "2000.11.22"]
[SourceVersion "1"]
[SourceVersionDate "2000.11.22"]
[SourceQuality "1"]

1. d4 Nf6 2. c4 c5 3. d5 b5 4. cxb5 a6 5. f3 e6 6. e4 exd5 7. exd5 d6 8. Nc3 Be7 9. Bc4 0-0 10. Nge2 Nbd7 11. 0-0 Nb6 12. b3 axb5 13. Nxb5 Bb7 14. Nec3 Ne8 15. a4 Bf6 16. Ra2 Ba6 17. Qd3 Bxc3 18. Nxc3 Bxc4 19. bxc4 Ra5 20. Bd2 Qd7 21. Rb1 Ra6 22. a5 Nc8 23. Ne4 h6 24. Rab2 Ra7 25. Rb8 Ne7 26. Qb3 Nc7 27. Rxf8+ Kxf8 28. Qb8+ Nc8 29. Rb7 Rxb7 30. Qxb7 Ke7 31. a6 Ne8 32. Nc3 1-0

[Event "RUS-ch sf"]
[Site "Arkhangelsk"]
[Date "1996.??.??"]
[Round "?"]
[White "Purgin, Nikolaj"]
[Black "Lobach, Pavel V"]
[Result "1/2-1/2"]
[WhiteElo "2310"]
[BlackElo "2270"]
[PlyCount "72"]
[EventDate "1996.??.??"]
[EventType "swiss"]
[EventRounds "9"]
[EventCountry "RUS"]
[SourceTitle "EXT 2000"]
[Source "ChessBase"]
[SourceDate "1999.11.16"]
[SourceVersion "1"]
[SourceVersionDate "1999.11.16"]
[SourceQuality "1"]

1. d4 Nf6 2. c4 e6 3. Nf3 b6 4. e3 Be7 5. Bd3 0-0 6. 0-0 d5 7. b3 Bb7 8. Qe2 Nbd7 9. Bb2 Ne4 10. Ne1 f5 11. f3 Nef6 12. Nd2 Bd6 13. Nc2 c5 14. cxd5 Nxd5 15. Nc4 Bc7 16. g3 Qg5 17. f4 Qg6 18. Ne5 Nxe5 19. dxe5 Rfd8 20. Rad1 h5 21. Kf2 a6 22. Rg1 b5 23. a4 Bc6 24. axb5 axb5 25. Ra1 Rdb8 26. Rxa8 Rxa8 27. Ra1 Rxa1 28. Bxa1 Qe8 29. Bb2 Ba5 30. e4 fxe4 31. Qxe4 Nf6 32. Qg6 Ng4+ 33. Ke2 Qxg6 34. Bxg6 Nxh2 35. Bxh5 Be4 36. Na3 g6 1/2-1/2

[Event "RUS-ch sf"]
[Site "Arkhangelsk"]
[Date "1996.??.??"]
[Round "?"]
[White "Shabanov, Yuri"]
[Black "Lobach, Pavel V"]
[Result "1-0"]
[WhiteElo "2405"]
[BlackElo "2270"]
[PlyCount "80"]
[EventDate "1996.??.??"]
[EventType "swiss"]
[EventRounds "9"]
[EventCountry "RUS"]
[SourceTitle "EXT 2000"]
[Source "ChessBase"]
[SourceDate "1999.11.16"]
[SourceVersion "1"]
[SourceVersionDate "1999.11.16"]
[SourceQuality "1"]

1. e4 e5 2. Nf3 Nc6 3. Nc3 Bb4 4. Nd5 Ba5 5. c3 Nf6 6. d3 Nxd5 7. exd5 Ne7 8. Nxe5 Nxd5 9. Qf3 Nf6 10. Bg5 Qe7 11. d4 d6 12. 0-0-0 dxe5 13. Bb5+ c6 14. dxe5 Qc5 15. Ba4 Bg4 16. Qg3 Bxd1 17. exf6 0-0-0 18. Bxd1 gxf6 19. Bxf6 Bc7 20. Qf3 Rhe8 21. Bxd8 Bxd8 22. Bc2 Qg5+ 23. Kb1 Qd2 24. a3 Re2 25. Qf5+ Kb8 26. Rd1 Re1 27. Rxe1 Qxe1+ 28. Ka2 f6 29. Qd7 Qe7 30. Qxe7 Bxe7 31. Bxh7 Kc7 32. Kb3 Kd6 33. Kc4 Ke5 34. Kd3 Kf4 35. Ke2 a5 36. a4 b5 37. axb5 cxb5 38. Bd3 b4 39. cxb4 axb4 40. b3 Bc5 1-0

[Event "RUS-chT2"]
[Site "Bryansk"]
[Date "1995.??.??"]
[Round "5"]
[White "Miton, Kamil"]
[Black "Lobach, Pavel V"]
[Result "1-0"]
[WhiteElo "2440"]
[BlackElo "2250"]
[PlyCount "149"]
[EventDate "1995.??.??"]
[EventType "team"]
[EventRounds "9"]
[EventCountry "RUS"]
[SourceTitle "EXT 1998"]
[Source "ChessBase"]
[SourceDate "1997.11.17"]
[SourceVersion "1"]
[SourceVersionDate "1997.11.17"]
[SourceQuality "1"]

1. d4 e6 2. c4 d5 3. Nf3 c6 4. Qc2 f5 5. g3 Nf6 6. Bg2 Bd6 7. 0-0 0-0 8. Nc3 Ne4 9. Rb1 Bd7 10. b4 b5 11. c5 Nxc3 12. Qxc3 Be7 13. a4 bxa4 14. Ra1 Na6 15. Bf4 Nc7 16. Bxc7 Qxc7 17. Rxa4 Rfb8 18. Rfa1 Bf6 19. Ne5 Bxe5 20. dxe5 Be8 21. e3 Rb7 22. Bf1 h6 23. Be2 Kh7 24. Qd4 Rd8 25. h4 g6 26. Ra6 Rdb8 27. b5 Bd7 28. h5 cxb5 29. hxg6+ Kg7 30. Qh4 Qxe5 31. Qe7+ Kxg6 32. Bh5+ Kxh5 33. Qf7+ Kg4 34. Qg6+ Kf3 35. Qh5+ Ke4 36. Rd1 Qc3 37. Qh4+ Kf3 38. Ra2 Qc4 39. Qh1+ Kg4 40. Rd4+ Kg5 41. Qh4+ Kg6 42. Rxc4 bxc4 43. Qe7 Re8 44. Qd6 Bb5 45. c6 Rb6 46. Rxa7 Bxc6 47. Qc7 Rb7 48. Qxc6 Rxa7 49. Qxe8+ Kf6 50. Qh8+ Kg6 51. Qc8 Kf7 52. Kg2 Ra3 53. Kf3 c3 54. Qc5 Ra4 55. Qxc3 Rc4 56. Qh8 Kg6 57. Qg8+ Kf6 58. Qh7 Re4 59. Qxh6+ Ke7 60. Qg7+ Kd6 61. Qc3 Kd7 62. Kg2 Rc4 63. Qa3 Re4 64. f3 Rc4 65. Kh3 e5 66. Qf8 f4 67. Qf5+ Kd6 68. Qf6+ Kc5 69. Qxe5 fxe3 70. Qxe3+ d4 71. Qd2 Rc3 72. f4 Kc4 73. f5 d3 74. f6 Rc2 75. Qf4+ 1-0

[Event "Bratislava op"]
[Site "Bratislava"]
[Date "1993.??.??"]
[Round "3"]
[White "Golod, Vitali"]
[Black "Lobach, Pavel V"]
[Result "1-0"]
[WhiteElo "2490"]
[BlackElo "2290"]
[PlyCount "115"]
[EventDate "1993.??.??"]
[EventType "swiss"]
[EventRounds "9"]
[EventCountry "SVK"]
[SourceTitle "EXT 1997"]
[Source "ChessBase"]
[SourceDate "1996.11.15"]
[SourceVersion "1"]
[SourceVersionDate "1996.11.15"]
[SourceQuality "1"]

1. d4 d5 2. c4 e6 3. Nc3 Nf6 4. cxd5 Nxd5 5. e4 Nxc3 6. bxc3 c5 7. Nf3 cxd4 8. cxd4 Bb4+ 9. Bd2 Qa5 10. Rb1 Bxd2+ 11. Qxd2 Qxd2+ 12. Kxd2 0-0 13. Bb5 b6 14. Rhc1 Ba6 15. a4 Bxb5 16. axb5 Nd7 17. Ra1 Nf6 18. Kd3 Rfd8 19. Rc7 Ne8 20. Rcxa7 Rxa7 21. Rxa7 Nd6 22. e5 Nxb5 23. Rb7 Rc8 24. Rxb6 Nc3 25. Rb7 h6 26. Nd2 Nd5 27. g3 Rc3+ 28. Ke2 Rc2 29. h4 h5 30. Kd1 Ra2 31. Ne4 f6 32. Ke1 Ra4 33. Nc5 Rxd4 34. Nxe6 Rg4 35. Rd7 Re4+ 36. Kf1 Rxe5 37. Rxg7+ Kh8 38. Rd7 Nb6 39. Rd8+ Kh7 40. Nf4 Nc4 41. Rd4 Na5 42. Rd7+ Kh6 43. Rf7 Rf5 44. Ne6 Kg6 45. Rc7 Rb5 46. Kg2 Nb3 47. Nf8+ Kf5 48. Rh7 Ke4 49. Nd7 f5 50. Nf6+ Ke5 51. Nxh5 Nc5 52. Nf4 Ne4 53. h5 Kf6 54. Rd7 Rb2 55. Nh3 Ke6 56. Ra7 Nf6 57. Ng5+ Kd5 58. Ra5+ 1-0

[Event "Mlada Boleslav op"]
[Site "Mlada Boleslav"]
[Date "1993.??.??"]
[Round "?"]
[White "Keitlinghaus, Ludger"]
[Black "Lobach, Pavel V"]
[Result "1-0"]
[WhiteElo "2485"]
[BlackElo "2290"]
[PlyCount "71"]
[EventDate "1993.08.??"]
[EventType "swiss"]
[EventRounds "9"]
[EventCountry "CZE"]
[SourceTitle "EXT 1997"]
[Source "ChessBase"]
[SourceDate "1996.11.15"]
[SourceVersion "1"]
[SourceVersionDate "1996.11.15"]
[SourceQuality "1"]

1. e4 e6 2. d4 d5 3. e5 c5 4. c3 Nc6 5. Nf3 Qb6 6. Be2 cxd4 7. cxd4 Nh6 8. Nc3 Nf5 9. Na4 Qa5+ 10. Bd2 Bb4 11. Bc3 b5 12. a3 Bxc3+ 13. Nxc3 b4 14. axb4 Qxb4 15. Bb5 Bd7 16. Bxc6 Bxc6 17. Qd2 a5 18. 0-0 0-0 19. g4 Ne7 20. h4 Rfb8 21. Rab1 Bb5 22. Rfe1 Bc4 23. h5 h6 24. Nh4 Rb7 25. Kh2 Kh7 26. Re3 Nc6 27. Rg3 Bb3 28. Nf3 Ne7 29. Rbg1 Rc7 30. Qf4 Rf8 31. g5 Nf5 32. gxh6 gxh6 33. Rg4 Rc4 34. Nxd5 Qb8 35. Nf6+ Kh8 36. Rg7 1-0